000 01805nam a2200385 a 4500
001 ebr10678690
003 CaPaEBR
006 m u
007 cr cn|||||||||
008 111013s2012 maua sb 001 0 eng d
010 _z 2011042367
020 _z9780674050204 (alk. paper)
020 _z9780674065390 (e-book)
040 _aCaPaEBR
_cCaPaEBR
035 _a(OCoLC)835374469
043 _aa-cc---
050 1 4 _aHC427.95
_b.N44 2012eb
082 0 4 _a330.951
_223
100 1 _aNee, Victor,
_d1945-
245 1 0 _aCapitalism from below
_h[electronic resource] :
_bmarkets and institutional change in China /
_cVictor Nee, Sonja Opper.
260 _aCambridge, Mass. :
_bHarvard University Press,
_c2012.
300 _axv, 431 p. :
_bill.
504 _aIncludes bibliographical references and index.
505 0 _aWhere do economic institutions come from? -- Markets and endogenous institutional change -- The epicenter of bottom-up capitalism -- Entrepreneurs and institutional innovation -- Legitimacy and organizational change -- Industrial clusters and competitive advantage -- The development of labor markets -- Institutions of innovation -- Political economy of capitalism.
533 _aElectronic reproduction.
_bPalo Alto, Calif. :
_cebrary,
_d2013.
_nAvailable via World Wide Web.
_nAccess may be limited to ebrary affiliated libraries.
650 0 _aCapitalism
_zChina.
650 0 _aEntrepreneurship
_zChina.
650 0 _aIndustrial policy
_zChina.
651 0 _aChina
_xEconomic policy.
651 0 _aChina
_xPolitics and government.
655 7 _aElectronic books.
_2local
700 1 _aOpper, Sonja.
710 2 _aebrary, Inc.
856 4 0 _uhttp://site.ebrary.com/lib/rucke/Doc?id=10678690
_zAn electronic book accessible through the World Wide Web; click to view
999 _c59875
_d59875